| 000 | 01228cam a2200325 4500 | ||
|---|---|---|---|
| 008 | 090401t1992 xxu||||| |||| 00| 0 eng d | ||
| 020 | _a187096523X | ||
| 022 | _a0144-8420 | ||
| 035 | _a(Sirsi) u94003 | ||
| 041 | _aeng | ||
| 050 |
_a615.925756 _c18 |
||
| 245 |
_aRadon 2000 _bproceedings of a conference held in London, March 26-27, 1992. |
||
| 260 |
_aAshford _bNuclear Technology Publishing _c1992 |
||
| 300 |
_a(118)p. _c24cm. |
||
| 350 | _a27 | ||
| 490 |
_aRadiation Protection Dosimetry _v42(3) 1992 |
||
| 505 | _aBuilding pathology and the interpretation of the impact of radon on the property market | ||
| 505 | _aConveyancing implications of radon in homes in England and Wales | ||
| 505 | _aThe principles of radon remediation and protection in UK dwelling | ||
| 520 | _aProceedings of the conference, which reviewed the full range of work on radon in the UK. | ||
| 690 | _aMANAGEMENT-HEALTH AND SAFETY-HAZARDOUS SUBSTANCES-RADON | ||
| 700 |
_aMiles, J. C. H. _xEditor |
||
| 700 |
_aO'Riordan, M. C. _xEditor |
||
| 700 | _aHollis, Malcolm | ||
| 700 | _aAdams, J. E. | ||
| 700 | _aWoolliscroft, M. | ||
| 710 |
_aNational Radiological Protection Board _9241 |
||
| 942 | _n0 | ||
| 948 | _c04/03/1997 | ||
| 999 |
_c97877 _d97877 |
||